Englanninkieliset maat - Statistics

Yleistilastot
  • Tätä visaa on pelattu 300 kertaa
  • Keskiarvotulos 29 / 56
Vastaustilastot
Englanninkielinen maa % Oikein
Yhdistynyt Kuningaskunta
95%
Kanada
89%
Irlanti
84%
Uusi-Seelanti
81%
Etelä-Afrikka
70%
Intia
60%
Kenia
59%
Bahama
58%
Marshallinsaaret
58%
Nauru
58%
Tonga
58%
Tuvalu
58%
Barbados
57%
Saint Kitts ja Nevis
56%
Samoa
56%
Saint Lucia
55%
Tansania
55%
Saint Vincent ja Grenadiinit
54%
Salomoninsaaret
54%
Antigua ja Barbuda
53%
Fidzi
53%
Mikronesia
53%
Namibia
53%
Palau
52%
Trinidad ja Tobago
52%
Vanuatu
51%
Filippiinit
50%
Grenada
50%
Jamaika
50%
Kiribati
50%
Uganda
50%
Malta
48%
Nigeria
48%
Sambia
48%
Belize
47%
Singapore
47%
Ghana
46%
Zimbabwe
45%
Botswana
44%
Dominica
44%
Lesotho
44%
Liberia
44%
Pakistan
44%
Ruanda
44%
Gambia
43%
Kamerun
41%
Papua-Uusi-Guinea
41%
Seychelles
41%
Guyana
39%
Etelä-Sudan
38%
Sierra Leone
38%
Malawi
37%
Mauritius
37%
Malesia
36%
Eritrea
35%
Swaziland
19%
Ehtoja vastaavia visoja ei löytynyt
Tulosjakauma
Jokaisen tuloksen saaneiden osuus
Persentiili vastausten määrän mukaan
Tuloshistoriasi
Et ole pelannut tätä visaa